Statistik asas UiTM

Bibliographic Details
Main Author: Lau Too Kya
Other Authors: Zainuddin Awang
Format: Book
Published: Selangor : Fajar Bakti , 2001
Subjects:

MARC

LEADER 00000cam a2200000 7i4500
001 0000011347
005 20050415.0
020 |a 9676528196 
040 |a INS 
090 0 0 |a QA276.12   |b L36 1994 
100 1 |a Lau Too Kya 
245 1 0 |a Statistik asas UiTM   |c Lau Too Kya 
260 |a Selangor :   |b Fajar Bakti ,   |c 2001 
300 |a vi :   |b 250p ;   |c 24cm. 
650 0 0 |a Statistics 
700 0 |a Zainuddin Awang 
999 |a 0000010094   |b BOOK   |c Open Shelf   |e Default branch